<?xml version="1.0" encoding="UTF-8"?>
<record
    xmlns:xsi="http://www.w3.org/2001/XMLSchema-instance"
    xsi:schemaLocation="http://www.loc.gov/MARC21/slim http://www.loc.gov/standards/marcxml/schema/MARC21slim.xsd"
    xmlns="http://www.loc.gov/MARC21/slim">

  <leader>02498cam a2200373 i 4500</leader>
  <controlfield tag="001">18062615</controlfield>
  <controlfield tag="003">PILC</controlfield>
  <controlfield tag="005">20160523153833.0</controlfield>
  <controlfield tag="008">140305t20142014nyua     b    001 0 eng  </controlfield>
  <datafield tag="010" ind1=" " ind2=" ">
    <subfield code="a">  2014008798</subfield>
  </datafield>
  <datafield tag="020" ind1=" " ind2=" ">
    <subfield code="a">9780071747509 (hardcover : alk. paper)</subfield>
  </datafield>
  <datafield tag="020" ind1=" " ind2=" ">
    <subfield code="a">0071747508 (hardcover : alk paper)</subfield>
  </datafield>
  <datafield tag="035" ind1=" " ind2=" ">
    <subfield code="a">(DNLM)101627434</subfield>
  </datafield>
  <datafield tag="040" ind1=" " ind2=" ">
    <subfield code="a">DNLM/DLC</subfield>
    <subfield code="c">DLC</subfield>
    <subfield code="e">rda</subfield>
    <subfield code="d">DLC</subfield>
  </datafield>
  <datafield tag="042" ind1=" " ind2=" ">
    <subfield code="a">pcc</subfield>
  </datafield>
  <datafield tag="050" ind1="0" ind2="0">
    <subfield code="a">RS 403</subfield>
    <subfield code="b">.Ap676 2014</subfield>
  </datafield>
  <datafield tag="060" ind1="1" ind2="0">
    <subfield code="a">QV 778</subfield>
  </datafield>
  <datafield tag="082" ind1="0" ind2="0">
    <subfield code="a">615/.19</subfield>
  </datafield>
  <datafield tag="245" ind1="0" ind2="0">
    <subfield code="a">Applied physical pharmacy /</subfield>
    <subfield code="c">editors, Mansoor M. Amiji, PhD, RPh, Distinguished Professor and Chairman, Department of Pharmaceutical Sciences, Director, Laboratory of Biomaterials and Advanced Nano-Delivery Systems (BANDS), School of Pharmacy, Bouve College of Health Sciences, Northeastern University, Boston, Massachusetts, Thomas J. Cook, PhD, RPh, Director of Program Assessment, Associate Professor, Department of Pharmaceutical  and Biomedical Sciences Touro College of Pharmacy, New York, New York, W. Cary Mobley, PhD, RPh, Clinical Associate Professor, Department of Pharmaceuticals, University of Florida, College of Pharmacy, Gainesville, Florida.</subfield>
  </datafield>
  <datafield tag="250" ind1=" " ind2=" ">
    <subfield code="a">2nd edition.</subfield>
  </datafield>
  <datafield tag="260" ind1=" " ind2=" ">
    <subfield code="a">Philippines : </subfield>
    <subfield code="b">McGraw-Hill,</subfield>
    <subfield code="c">2014.</subfield>
  </datafield>
  <datafield tag="300" ind1=" " ind2=" ">
    <subfield code="a">xii, 270 pages :</subfield>
    <subfield code="b">illustrations (some color) ;</subfield>
    <subfield code="c">25 cm.</subfield>
  </datafield>
  <datafield tag="500" ind1=" " ind2=" ">
    <subfield code="a">Includes bibliographical references and index.</subfield>
  </datafield>
  <datafield tag="505" ind1="0" ind2=" ">
    <subfield code="a">States of matter related to pharmacuetical formulations / Beverly J. Sandmann, Ann Newman, and Gregory T. Knipp -- Physical properties of solutions / Beverly Sandmann, Antoine Al-Achi, Robert Greenwood -- Ionic equilibrium and buffers / Beverly Sandmann, Alekha K. Dash, Antoine Al-Achi, Robert Greenwood -- Solubility, dissolution, and partitioning/ Beverly J. Sandmann and Mansoor M. Amiji -- Mass transport / Mansoor M. Amiji -- Complexation and protein binding / Mansoor M. Amiji -- Dispersed systems / W. Cary Mobley -- Interfacial phenomena / Maria Polikandritou Lambros and SHihong Li Nocolaou -- Rheology / Maria Polikandritou Lambros -- Chemical kinetics of pharmaceuticals / Thomas J. Cook.</subfield>
  </datafield>
  <datafield tag="650" ind1=" " ind2="0">
    <subfield code="a">Pharmaceutical chemistry.</subfield>
  </datafield>
  <datafield tag="650" ind1="1" ind2="2">
    <subfield code="a">Technology, Pharmaceutical.</subfield>
  </datafield>
  <datafield tag="650" ind1="2" ind2="2">
    <subfield code="a">Chemistry, Pharmaceutical.</subfield>
  </datafield>
  <datafield tag="700" ind1="1" ind2=" ">
    <subfield code="a">Amiji, Mansoor M.,</subfield>
    <subfield code="e">editor.</subfield>
  </datafield>
  <datafield tag="700" ind1="1" ind2=" ">
    <subfield code="a">Cook, Thomas J.,</subfield>
    <subfield code="d">1965-</subfield>
    <subfield code="e">editor.</subfield>
  </datafield>
  <datafield tag="700" ind1="1" ind2=" ">
    <subfield code="a">Mobley, W. Cary,</subfield>
    <subfield code="e">editor.</subfield>
  </datafield>
  <datafield tag="906" ind1=" " ind2=" ">
    <subfield code="a">7</subfield>
    <subfield code="b">cbc</subfield>
    <subfield code="c">orignew</subfield>
    <subfield code="d">1</subfield>
    <subfield code="e">ecip</subfield>
    <subfield code="f">20</subfield>
    <subfield code="g">y-gencatlg</subfield>
  </datafield>
  <datafield tag="942" ind1=" " ind2=" ">
    <subfield code="2">lcc</subfield>
    <subfield code="c">BK</subfield>
  </datafield>
  <datafield tag="999" ind1=" " ind2=" ">
    <subfield code="c">294925</subfield>
    <subfield code="d">294925</subfield>
  </datafield>
  <datafield tag="952" ind1=" " ind2=" ">
    <subfield code="0">0</subfield>
    <subfield code="1">0</subfield>
    <subfield code="2">lcc</subfield>
    <subfield code="4">0</subfield>
    <subfield code="a">SSLC</subfield>
    <subfield code="b">SSLC-SC</subfield>
    <subfield code="c">NULL</subfield>
    <subfield code="d">2016-05-23</subfield>
    <subfield code="e">Library Fund</subfield>
    <subfield code="g">538.00</subfield>
    <subfield code="l">1</subfield>
    <subfield code="m">2</subfield>
    <subfield code="o">RS 403 .Ap676 2014</subfield>
    <subfield code="p">SSLC1436</subfield>
    <subfield code="r">2018-11-10 00:00:00</subfield>
    <subfield code="s">2018-10-24</subfield>
    <subfield code="w">2016-05-23</subfield>
    <subfield code="y">BK</subfield>
  </datafield>
</record>
